000 00220nam a2200097Ia 4500
008 240331s9999 xx 000 0 und d
082 _bKUA
100 _aRajanarayanan, K
245 0 _aKu.Alagirisamy kadithangal
942 _cL
999 _c4260
_d4260